Регионална библиотека "Любен Каравелов" - Русе

Турист НРБ (Запис номер 174094)

MARC детайли
000 -Лидер
Контролно поле с фиксирана дължина 01248nam a2200313 c 4500
003 - Код на организацията, давaща контролен номер
Контролно поле BLK
005 - Дата и час на последна редакция
Контролно поле 20180422114629.0
008 - Елементи от данни с фиксирана дължина
fixed length control field 180411b bul|||||r ||||||| ||bul||
010 ## - Наследен системен номер
LC control number KNG00182546000
040 ## - Източник на каталожния запис
Идентификатор на билиотеката - собственик на записа BLK
041 ## - Код за език
Код за езика на текст/звукозапис или на отделно заглавие Български
Код за езика КДБФ Български
080 ## - УДК
Текстов определител УДК Туризъм. Алпинизъм. Ориентиране. Международен туризъм вж 338.48 и 379.85
УДК код - определител по УДК 796.5
УДК определител
УДК - код + определител 796.5
100 1# - Редна дума - Автор
Автор Христов, Хр.
Авторска отговорност първи автор
R(LIN) 383081
139 ## - Редно поле
Редна дума Турист НРБ
Авторски знак Тург - Т 92
245 10 - Сведения за заглавието
Заглавие Турист НРБ
Редно поле (дума) Хр. Христов.
250 ## - Област на изданието
Сведения за изданието 2. прераб. и доп. изд.
257 ## - Страна на издаване
Страна на създаване/издаване България
260 ## - Област на издателските данни
-- София
Име на издателя, разпространителя и проч. Медицина и физкултура
Година на издаване 1962
300 ## - Физическа характеристика
Страници 228 с.
Илюстрации и др. с ил.
Размери/Мащаб 18 см
380 ## - Жанр
Жанр 793/799 Спорт
500 ## - Общи забележки
Забележка 1. изд. 1959 със загл. Наръчник на значката "Турист НРБ" Други авт.: Г. Данов, М. Минковски, П. Златев, Ст. Камбуров, В. Петров
650 #4 - Допълнително описание по предмет – тема
Основно описание – тема или топоним Туризъм
9 (RLIN) 174203
653 ## - Ключова дума – ненормативна
Ключова дума туризъм
852 ## - Местоположение
Форматна сигнатура Цб І 4899
856 4# - Електронен адрес и достъп
Електронен формат pdf - файл
Път до файла /url/
856 4# - Електронен адрес и достъп
Електронен формат pdf - файл
Път до файла /url/
942 ## - АРТИКУЛИ
Вид на библиотечния материал Книги
Скрит в OPAC Не
944 ## - СЪЗДАВАНЕ И РЕДАКЦИЯ на ЗАПИСА
Създаване/Редакция Създаване
Дата на регистрацията/редакция 24.09.2015
Служител, извършил регистрацията/редакцията Теодора_Стоянова
944 ## - СЪЗДАВАНЕ И РЕДАКЦИЯ на ЗАПИСА
Създаване/Редакция Редакция
Дата на регистрацията/редакция 24.09.2015
Служител, извършил регистрацията/редакцията Теодора_Стоянова
999 ## - СИСТЕМНИ КОНТРОЛНИ НОМЕРА
Koha biblionumber 174094
Koha biblioitemnumber 174094
Наличности
Код за отписване Код за изгубен артикул Източник на класификационната схема Код за повреда Коз за рестрикции Код за отдаване Артикулен № Име на библиотеката - собственик Име на библиотеката, в която се намира в момента Статус (Текущо местоположение) Дата на вписване в системата Местоположение - отдел Цена в лева Инвентарен номер Систематично азбучна сигнатура Баркод Номер на екземпляра Цена в евро Служебна бележка Служебен тип на артикула
  Не е изгубен Universal Decimal Classification Не е повреден без рестрикции ползва се в читалня 298315 Регионална библиотека "Любен Каравелов" Русе Регионална библиотека "Любен Каравелов" Русе Хранилище 1962-01-01 Хранилище 0.44 7333/62 Цб І 4899 900000026321 1 0.22 Дост: Dp Вид: Сф Дата: 01.01.1962 Книги
Изтеглен Не е изгубен Universal Decimal Classification Не е повреден без рестрикции заемане за дома 298316 Регионална библиотека "Любен Каравелов" Русе Регионална библиотека "Любен Каравелов" Русе Заемна - подръчен фонд 1962-01-01 Заемна - подръчен фонд 0.00 6630/62 П 796.5/Т 92 6630/62 2 0.00 Дост: Pk Вид: Сф Дата: 01.01.1962 Книги
Vip Innovations Ltd, Rousse, Bulgaria 2025